| 000 | 00919nam a2200229 i 4500 | ||
|---|---|---|---|
| 001 | 138475 | ||
| 003 | ES-MaACL | ||
| 005 | 20251013193335.0 | ||
| 007 | t| | ||
| 008 | 070214s1910 sp |||| | spa d | ||
| 100 | 1 |
_aSanllehy y Girona, Carlos de. _9103179 |
|
| 245 | 1 | 0 |
_aExposición y defensa de la realidad de las facultades del alma humana _b: crítica de las teorías de Herbart y Beneke : tesis doctoral / _cCarlos de Sanllehy y Girona. |
| 260 |
_aBarcelona : _b[s. n.], _c1910 ( _fEstab. Tip. de Mariano Galve) |
||
| 300 |
_a46 p. ; _c20 cm. |
||
| 502 | _aTesis-Univ. Central, Facultad de Filosofía y Letras, 1909. | ||
| 600 | 1 | 4 |
_aHerbart, Johann Friedrich. _9147761 |
| 600 | 1 | 7 |
_aBeneke, Friedrich Eduard, _d1798-1854 _2 _9170731 |
| 650 | 0 | 4 |
_aAlma. _99739 |
| 710 | 2 |
_aUniversidad Central (Madrid). _bFacultad de Filosofía y Letras. _97092 |
|
| 852 |
_aES-MaACL _jT-1311-F-1 |
||
| 999 |
_c138475 _d138475 |
||